Statistiques concernant Football: Coupe du Monde U17 2023

Cliquez ici pour prendre le quiz!

Statistiques générales

  • Ce quiz a été pris 41 fois
  • Le résultat moyen est 14 sur 24

Statistiques - réponses

Réponse% Correct
France
100%
Allemagne
94%
Argentine
92%
Espagne
92%
Brésil
89%
Maroc
86%
Etats-Unis
83%
Mexique
83%
Japon
81%
Canada
78%
Angleterre
75%
Sénégal
72%
Corée du Sud
64%
Pologne
64%
Iran
61%
Mali
42%
Nouvelle-Zélande
42%
Equateur
33%
Venezuela
28%
Indonésie
19%
Ouzbékistan
17%
Burkina Faso
14%
Nouvelle-Calédonie
14%
Panama
14%

Distribution des résultats

Percentile par nombre de réponses

% des personnes avec chaque résultat

Votre développement - résultats

Vous n’avez pas pris ce quiz